Материально-техническое обеспечение: учебное пособие

Bibliografiske detaljer
Institution som forfatter: Национальный исследовательский Томский политехнический университет
Andre forfattere: Романцов И. Г. Иван Григорьевич (составитель), Романцов И. И. Игорь Иванович, Ткаченко П. Н. Павел Николаевич
Summary:В учебном пособии рассмотрены вопросы материально-технического обеспечения мероприятий гражданской обороны (ГО) и обеспечения формирований единой государственной системы предупреждения и ликвидации чрезвычайных ситуаций (РСЧС), а также организация первоочередного жизнеобеспечения населения в чрезвычайных ситуациях (ЧС). Раскрыты вопросы организации работы подвижных пунктов снабжения и питания формирований РСЧС и ГО и пострадавшего населения. Предназначено для студентов, обучающихся по направлениям 20.03.01, 20.04.01. 20.06.01 "Техносферная безопасность".
Sprog:russisk
Udgivet: Томск, Изд-во ТПУ, 2019
Udgivelse:2-е изд.
Fag:
Format: MixedMaterials Bog
KOHA link:https://koha.lib.tpu.ru/cgi-bin/koha/opac-detail.pl?biblionumber=343833

MARC

LEADER 00000nam0a2200000 4500
001 343833
005 20240111125525.0
035 |a (RuTPU)RU\TPU\book\374465 
090 |a 343833 
100 |a 20191101d2019 m y0rusy50 ca 
101 0 |a rus 
102 |a RU 
105 |a a j 001zy 
200 1 |a Материально-техническое обеспечение  |e учебное пособие  |f Национальный исследовательский Томский политехнический университет ; сост. И. Г. Романцов, И. И. Романцов, П. Н. Ткаченко 
205 |a 2-е изд. 
210 |a Томск  |c Изд-во ТПУ  |d 2019 
215 |a 157 с.  |c ил. 
320 |a Библиогр.: с. 156 
320 |a Список сокращений: с. 154-155 
330 |a В учебном пособии рассмотрены вопросы материально-технического обеспечения мероприятий гражданской обороны (ГО) и обеспечения формирований единой государственной системы предупреждения и ликвидации чрезвычайных ситуаций (РСЧС), а также организация первоочередного жизнеобеспечения населения в чрезвычайных ситуациях (ЧС). Раскрыты вопросы организации работы подвижных пунктов снабжения и питания формирований РСЧС и ГО и пострадавшего населения. Предназначено для студентов, обучающихся по направлениям 20.03.01, 20.04.01. 20.06.01 "Техносферная безопасность". 
606 1 |a Чрезвычайные ситуации  |2 stltpush  |3 (RuTPU)RU\TPU\subj\37291  |9 58373 
610 1 |a гражданская оборона 
610 1 |a РСЧС 
610 1 |a Единая государственная система предупреждения и ликвидации чрезвычайных ситуаций 
610 1 |a материально-техническое обеспечение 
610 1 |a транспортное обеспечение 
610 1 |a тыловое обеспечение 
610 1 |a пострадавщее население 
610 1 |a первоочередное жизнеобеспечение 
610 1 |a учебные пособия 
610 1 |a труды учёных ТПУ 
675 |a 614.8(075.8)  |v 4 
702 1 |a Романцов  |b И. Г.  |c специалист в области безопасности жизнедеятельности  |c доцент Томского политехнического университета  |f 1936-  |g Иван Григорьевич  |3 (RuTPU)RU\TPU\pers\45180  |4 220 
702 1 |a Романцов  |b И. И.  |c специалист в области экологии и безопасности жизнедеятельности  |c доцент Томского политехнического университета, кандидат технических наук  |f 1967-  |g Игорь Иванович  |3 (RuTPU)RU\TPU\pers\32975  |4 220  |9 16820 
702 1 |a Ткаченко  |b П. Н.  |c специалист в области безопасности жизнедеятельности  |c доцент Томского политехнического университета, кандидат наук  |f 1978-  |g Павел Николаевич  |3 (RuTPU)RU\TPU\pers\45181  |4 220 
712 0 2 |a Национальный исследовательский Томский политехнический университет  |c (2009- )  |3 (RuTPU)RU\TPU\col\15902  |9 26305 
801 1 |a RU  |b 63413507  |c 20191101 
801 2 |a RU  |b 63413507  |c 20191129  |g RCR 
942 |c BK